00578nam a2200145Ia 4500003000900000008004100009020002600050040001600076100002900092245012300121260003200244300002000276490003300296856010300329IN-BaIIA211028s9999 xx s 000 0 eng d a9780819426079 (Print) cIIA Library aWlochowicz, Andrzej, ed. 0aDielectric and Related Phenomena: Materials Physico-Chemistry, Spectrometric Investigations, and Applicationsh[eBook] aWashington, USAbSPIEc1997 aOnline resource aProceedings of SPIE; V. 3181 uhttps://www.spiedigitallibrary.org/conference-proceedings-of-spie/3181yClick Here to Access eBook